000 00522nam a2200181 i 4500
001 88130
003 ES-MaACL
005 20230906175816.0
007 t|
008 050103s1969 sp ||||1| spa d
100 1 _aLagiere, Robert.
_969575
245 1 3 _aEl algodón /
_cpor Robert Lagiere ; [traducción de Vicente Ripoll].
250 _a[1ª ed.].
260 _aBarcelona, etc. :
_bBlume,
_c[1969]
300 _a292 p. :
_bil. ;
_c25 cm.
700 1 _aRipoll, Vicente.
_997433
852 _aES-MaACL
_jC-37398
_bR.70371
999 _c88130
_d88130